Normal view
MARC view
- Architectural design
Entry Topical Term
001 - CONTROL NUMBER
- control field: 34140
003 - CONTROL NUMBER IDENTIFIER
- control field: NUST
005 - DATE AND TIME OF LATEST TRANSACTION
- control field: 20201020153347.0
008 - FIXED-LENGTH DATA ELEMENTS
- fixed length control field: 201020|| aca||aabn | a|a d
040 ## - CATALOGING SOURCE
- Original cataloging agency: NUST
- Transcribing agency: NUST
150 ## - HEADING--TOPICAL TERM
- Topical term or geographic name entry element: Architectural design
- General subdivision: Philosophy
670 ## - SOURCE DATA FOUND
- Source citation: Work cat.: (NUST)1045: Tschumi, Bernard, 31814, Event-cities 2 /, c2000.
